000
00191 a2200097 4500
001
28654
100
_a
Born, M
245
_a
Atomic Physics
260
_a
_b
E L B S
_c
090
_c
19153
_d
19153
942
_a
NUST-CAE
_c
M
_c
10173
999
_c
263727
_d
263727